Are you ready for prefab? (Record no. 71793)

MARC details
000 -LEADER
fixed length control field 00844cam a2200217 4500
001 - CONTROL NUMBER
control field ABS66203
008 - FIXED-LENGTH DATA ELEMENTS--GENERAL INFORMATION
fixed length control field 021217n2002 000 0 eng u
035 ## - SYSTEM CONTROL NUMBER
System control number (Sirsi) u120813
100 ## - MAIN ENTRY--PERSONAL NAME
Personal name Pearson, A
245 ## - TITLE STATEMENT
Title Are you ready for prefab?
260 ## - PUBLICATION, DISTRIBUTION, ETC.
Date of publication, distribution, etc. 2002
490 ## - SERIES STATEMENT
Series statement Housing Today
Volume/sequential designation (310) 21 November 2002, 26-29(4)
520 ## - SUMMARY, ETC.
Summary, etc. Uses case studies to warn of pitfalls to social landlords who may be thinking of using off-site manufactured housing, especially as the government is willing to fund such schemes. Urges careful overview of varying types of construction, choice of supplier, management contract, and planning.
590 ## - LOCAL NOTE (RLIN)
Local note ABS
650 ## - SUBJECT ADDED ENTRY--TOPICAL TERM
Topical term or geographic name entry element PREFABRICATION
650 ## - SUBJECT ADDED ENTRY--TOPICAL TERM
Topical term or geographic name entry element OFF-SITE CONSTRUCTION
650 ## - SUBJECT ADDED ENTRY--TOPICAL TERM
Topical term or geographic name entry element CASE STUDIES
690 ## - LOCAL SUBJECT ADDED ENTRY--TOPICAL TERM (OCLC, RLIN)
Topical term or geographic name as entry element BUILT ENVIRONMENT-CONSTRUCTION DESIGN
700 ## - ADDED ENTRY--PERSONAL NAME
Personal name Chatterjee, M
942 ## - ADDED ENTRY ELEMENTS (KOHA)
Suppress in OPAC 0
Holdings
Withdrawn status Lost status Source of classification or shelving scheme Damaged status Not for loan Home library Current library Shelving location Date acquired Total Checkouts Full call number Barcode Date last seen Copy number Price effective from Koha item type
    Dewey Decimal Classification     London London Journal article 17/12/2002   ABS66203 120813-1001 06/08/2019 1 06/08/2019 Journal article